Manchester City - Tous les Joueurs (2015-2026) - Statistiques

Statistiques générales
  • Ce quiz a été pris 619 fois
    18 depuis la dernière actualisation
  • Le résultat moyen est 52 sur 78
Statistiques - réponses
Matchs Période Nationalité Joueur % Correct
460 2017-2026 Portugal Bernardo Silva
100%
436 2010-2020 Espagne David Silva
100%
43 2025- Italie Gianluigi Donnarumma
100%
295 2016- Angleterre John Stones
100%
422 2015-2025 Belgique Kevin De Bruyne
100%
177 2020- Pays-Bas Nathan Aké
100%
128 2016-2022 Ukraine Oleksandr Zinchenko
100%
369 2016- Angleterre Phil Foden
100%
56 2025- France Rayan Cherki
100%
236 2018-2023 Algérie Riyad Mahrez
100%
255 2020- Portugal Ruben Dias
100%
176 2011-2017 France Samir Nasri
100%
390 2011-2021 Argentine Sergio Agüero
100%
372 2017-2025 Brésil Ederson
94%
198 2022- Norvège Erling Haaland
94%
236 2017-2022 Brésil Gabriel Jesus
94%
358 2016-2025 Allemagne Ilkay Gündogan
94%
319 2017-2025 Angleterre Kyle Walker
94%
339 2015-2022 Angleterre Raheem Sterling
94%
360 2008-2019 Belgique Vincent Kompany
94%
316 2010-2018 Côte d'Ivoire Yaya Touré
94%
383 2013-2022 Brésil Fernandinho
88%
122 2023- Croatie Josko Gvardiol
88%
136 2022-2025 Suisse Manuel Akanji
88%
298 2019- Espagne Rodri
88%
189 2011-2016 Bosnie-Herzégovine Edin Dzeko
82%
131 2023- Belgique Jérémy Doku
82%
154 2019-2024 Portugal Joao Cancelo
82%
103 2022-2024 Argentine Julian Alvarez
82%
135 2016-2020 Allemagne Leroy Sané
82%
97 2023- Croatie Mateo Kovacic
82%
61 2025- Égypte Omar Marmoush
82%
31 2025- Algérie Rayan Aït-Nouri
82%
27 2026- Ghana Antoine Semenyo
76%
203 2011-2017 France Gaël Clichy
76%
348 2006-2018 Angleterre Joe Hart
76%
47 2025- Ouzbékistan Abdukodir Khusanov
71%
86 2014-2017 France Bacary Sagna
71%
15 2016-2019 Maroc Brahim Diaz
71%
210 2015-2020 Argentine Nicolas Otamendi
71%
84 2024- Brésil Savinho
71%
56 2022-2026 Allemagne Stefan Ortega
71%
247 2010-2017 Serbie Aleksandar Kolarov
65%
75 2017-2023 France Benjamin Mendy
65%
41 2020-2023 Angleterre Cole Palmer
65%
121 2023- Portugal Matheus Nunes
65%
47 2023-2026 Norvège Oscar Bobb
65%
180 2018-2023 Espagne Aymeric Laporte
59%
79 2014-2019 France Eliaquim Mangala
59%
43 2020-2022 Espagne Ferran Torres
59%
50 2025- Pays-Bas Tijjani Reijnders
59%
333 2008-2017 Argentine Pablo Zabaleta
53%
44 2013-2015 Monténégro Stevan Jovetic
53%
102 2014-2017 Brésil Fernando
47%
157 2021-2025 Angleterre Jack Grealish
47%
17 2025- Angleterre James Trafford
47%
20 2026- Angleterre Marc Guéhi
47%
58 2025- Espagne Nico Gonzalez
47%
61 2016-2020 Chili Claudio Bravo
41%
35 2018-2021 Espagne Eric Garcia
41%
203 2010-2015 Angleterre James Milner
41%
32 2022- Angleterre Kalvin Phillips
41%
106 2013-2016 Argentine Martin Demichelis
41%
74 2024- Angleterre Nico O'Reilly
41%
48 2014-2017 Argentine Willy Caballero
41%
60 2017-2019 Brésil Danilo
35%
38 2014-2015 Angleterre Frank Lampard
35%
64 2015-2017 Nigéria Kelechi Iheanacho
35%
30 2016-2017 Espagne Nolito
35%
116 2022- Angleterre Rico Lewis
35%
46 2015-2017 Côte d'Ivoire Wilfried Bony
35%
183 2013-2017 Espagne Jesus Navas
29%
15 2014-2018 Espagne Angeliño
24%
89 2015-2019 Angleterre Fabian Delph
24%
21 2019-2024 États-Unis Zack Steffen
18%
35 2009-2015 Belgique Dedryck Boyata
12%
34 2021-2025 Angleterre James McAtee
12%
38 2022-2024 Espagne Sergio Gomez
12%
Aucun quiz correspondant
Distribution des résultats
% des personnes avec chaque résultat
Percentile par nombre de réponses
Votre historique - résultats
Vous n’avez pas pris ce quiz depuis la dernière actualisation